| 000 | 00450cam a22001337a 4500 | ||
|---|---|---|---|
| 008 | 180718b1975 xxu||||| |||| 00| 0 eng d | ||
| 082 | _aA81x54 In2/71/1/Pap1/1975 | ||
| 100 | _aCensus of India 1971 | ||
| 245 | _aIndia: scheduled castes and scheduled tribes | ||
| 260 |
_aDelhi _bThe Manager of Publications _c1975 |
||
| 300 | _a169+p. | ||
| 440 | _aCensus of India 1971. Series-1, India. Paper 1 of 1975 | ||
| 500 | _aContents: Table C-VIII, parts A&B | ||
| 999 |
_c484798 _d484798 |
||